|
|
|
|
| LEADER |
00000cam a22000004a 4500 |
| 001 |
musev2_5906 |
| 003 |
MdBmJHUP |
| 005 |
20230905040710.0 |
| 006 |
m o d |
| 007 |
cr||||||||nn|n |
| 008 |
040429s2004 nyu o 00 0 eng d |
| 010 |
|
|
|z 2004106557
|
| 020 |
|
|
|a 9781576592625
|
| 020 |
|
|
|z 1576591271
|
| 020 |
|
|
|z 1576592626
|
| 020 |
|
|
|z 9781576591277
|
| 035 |
|
|
|a (OCoLC)794928085
|
| 040 |
|
|
|a MdBmJHUP
|c MdBmJHUP
|
| 041 |
1 |
|
|a eng
|h fre
|
| 050 |
0 |
4 |
|a BX4700.F6
|b M356713 2004
|
| 100 |
1 |
|
|a Matura, Thaddee.
|
| 240 |
1 |
0 |
|a François d'Assise.
|l English
|
| 245 |
1 |
0 |
|a Francis of Assisi :
|b The Message in His Writings /
|c Thaddee Matura ; translated by Paul Barrett ; edited by Roberta A. McKelvie, Daria Mitchell.
|
| 250 |
|
|
|a 2nd ed.
|
| 264 |
|
1 |
|a St. Bonaventure, NY :
|b Franciscan Institute Publications,
|c 2004.
|
| 264 |
|
3 |
|a Baltimore, Md. :
|b Project MUSE,
|c 2012
|
| 264 |
|
4 |
|c ©2004.
|
| 300 |
|
|
|a 1 online resource (208 pages).
|
| 336 |
|
|
|a text
|b txt
|2 rdacontent
|
| 337 |
|
|
|a computer
|b c
|2 rdamedia
|
| 338 |
|
|
|a online resource
|b cr
|2 rdacarrier
|
| 504 |
|
|
|a Includes bibliographical references (p. [203]-210).
|
| 588 |
|
|
|a Description based on print version record.
|
| 600 |
0 |
0 |
|a Francis,
|c of Assisi, Saint,
|d 1182-1226.
|
| 650 |
|
0 |
|a Spirituality
|x History
|y Middle Ages, 600-1500.
|
| 655 |
|
7 |
|a Electronic books.
|2 local
|
| 700 |
1 |
|
|a Mitchell, Daria.
|
| 700 |
1 |
|
|a McKelvie, Roberta A.
|
| 710 |
2 |
|
|a Project Muse.
|e distributor
|
| 830 |
|
0 |
|a Book collections on Project MUSE.
|
| 856 |
4 |
0 |
|z Texto completo
|u https://projectmuse.uam.elogim.com/book/5906/
|
| 945 |
|
|
|a Project MUSE - Custom Collection
|
| 945 |
|
|
|a Project MUSE - Archive Complete Foundation
|
| 945 |
|
|
|a Project MUSE - Archive Philosophy and Religion Foundation
|